000 00751nam a2200229Ia 4500
005 20240517110535.0
008 210716s2009 xx 000 0 und d
020 _a9780321543721
040 _cAIMIT LIBRARY
041 _aeng
082 _a005.1331
_21
_bSTRB
100 _aStroustrup, Bjarne.
_9165682
245 _aProgramming:
_bprinciples and practice using c++ /
_cBy Bjarne Stroustrup.
250 _a1st ed.
260 _aNew york :
_bAddison Wesley ,
_c2009.
300 _axxviii,1236p. ;
_bPB
_c23 cm.
650 _aComputers people and programming
_9165683
650 _aWriting a program
_9165684
650 _aData and algorithms
_9165685
650 _aEmdedded systems programming
_9165686
942 _2ddc
_cBK
_e1st ed.
_k005.1331 STRB
999 _c189734
_d189734